Anteproyecto arquitectónico Biblioteca Central de la Universidad Nacional de Ingeniería UNI, Managua, Nicaragua

La investigación presenta un anteproyecto arquitectónico Biblioteca Central de la Universidad Nacional de Ingeniería UNI, Managua, Nicaragua. Se establece los requerimientos del anteproyecto biblioteca central de la UNI por medio del diagnóstico y proyección de la demanda y se determinan los cr...

Full description

Bibliographic Details
Main Authors: Vivas Solórzano, Leslie Lenin, Castillo Chalupa, Mariano Guadalupe, Ferrey Tremino, Iván Andrés
Other Authors: Tutor: Amador Mora, Karla
Format: Tesis Section = Libro
Language:Undetermined
Spanish
Published: Managua UNI 2016
Subjects:
LEADER 01405nam a2200289Ia 4500
008 240830s9999 xx 000 0 und d
040 |a BIBLIOTECA-RUSB/ Mon 727.83 V856 
041 |a spa 
082 |a Mon 727.83 V856 
100 1 |a Vivas Solórzano, Leslie Lenin 
100 1 |b Castillo Chalupa, Mariano Guadalupe 
100 1 |c Ferrey Tremino, Iván Andrés 
245 1 0 |a Anteproyecto arquitectónico Biblioteca Central de la Universidad Nacional de Ingeniería UNI, Managua, Nicaragua 
260 |a Managua  |b UNI  |c 2016 
300 |a 103 p. :il. 
500 |a Contiene: anexos e Incluye: CD. 
502 |a Tesis (Arquitecto) - UNI, 2016. 
520 3 |a La investigación presenta un anteproyecto arquitectónico Biblioteca Central de la Universidad Nacional de Ingeniería UNI, Managua, Nicaragua. Se establece los requerimientos del anteproyecto biblioteca central de la UNI por medio del diagnóstico y proyección de la demanda y se determinan los criterios de diseño mediante el análisis y estudio de normativas, modelos análogos y libros especializados. 
650 7 |a DISEÑO ARQUITECTONICO 
650 7 |b  ARQUITECTURA-DISEÑOS Y PLANOS 
650 7 |c  DISEÑOS DE ESTRUCTURAS 
650 7 |d  ARQUITECTURA DE BIBLIOTECAS 
650 7 |e  EDIFICIOS DE BIBLIOTECAS-DISEÑO Y CONSTRUCCION 
700 1 |a Tutor:  |b Amador Mora, Karla 
942 |c BK  |2 ddc 
991 |a TESIS 
999 |c 21428